| 000 | 00882nam a22002537a 4500 | ||
|---|---|---|---|
| 001 | 6065 | ||
| 003 | FISKH | ||
| 005 | 20250305092407.0 | ||
| 008 | 250305b cb ||||| |||| 00| 0 eng d | ||
| 040 |
_aFISKH _beng _cFISKH _dFISKH |
||
| 050 | _aPZ7.N964 I | ||
| 082 | _a 813.54 | ||
| 100 | _aNumeroff, Laura | ||
| 245 |
_aIf you take a mouse to the movies / _cBy Laura Numeroff ; Illustrated by Felicia Bond |
||
| 260 |
_aNew York : _bScholastic, _c2000. |
||
| 300 |
_a30 unnumbered pages : _bcolor illustrations ; _c23 cm |
||
| 505 | _aJ | ||
| 520 | _aTaking a mouse to the movies can lead to letting him do other things, such as making a snowman, listening to Christmas carols, and decorating the Christmas tree. | ||
| 521 | 8 |
_a450
_bLexile |
|
| 521 | 8 |
_aJ
_bRaz-Plus |
|
| 650 |
_aAnimals _vChristmas _xHolidays |
||
| 942 |
_2ddc _cBK _n0 |
||
| 999 |
_c6065 _d6065 |
||